000
00322 a2200145 4500
260
_b
Flammarion Médecine Sciences
245
_a
Cancers intrathoraciques
100
_a
Israel, L.
260
_c
1986
300
_a
300 p.
035
_a
6837
999
_c
18691
_d
18691